Pays du bassin du Nil sur la carte - Statistiques

Statistiques générales
  • Ce quiz a été pris 22 555 fois
  • Le résultat moyen est 10 sur 11
Réponses sur la Carte
Les réponses sont colorées sur une échelle allant du rouge au vert en fonction du pourcentage des utilisateurs qui les ont devinées à leur premier essai. Vous pouvez retrouver ces pourcentages ci-dessous.
 
Statistiques - réponses
Pays % Correct
Égypte
100%
Soudan
96%
Éthiopie
93%
Soudan du Sud
93%
Érythrée
90%
Rép Dém du Congo
87%
Kenya
86%
Rwanda
83%
Tanzanie
82%
Ouganda
77%
Burundi
75%
Aucun quiz correspondant
Distribution des résultats
% des personnes avec chaque résultat
Percentile par nombre de réponses
Votre historique - résultats
Vous n’avez pas pris ce quiz